Agatha Christie – The Queen of Crime bakalárska práca

Saved in:
Bibliographic Details
Main Author: Somogyiová, Edita
Corporate Author: Fakulta aplikovaných jazykov EU v Bratislave. Katedra interkultúrnej komunikácie
Other Authors: Pápaiová, Adriana
Format: Book
Language:English
Published: Bratislava 2016
Tags: Add Tag
No Tags, Be the first to tag this record!

MARC

LEADER 00000nbm a2200000 4500
001 0217469
005 20170130103331.8
041 0 |a eng 
044 |a SK 
245 1 0 |a Agatha Christie – The Queen of Crime  |b bakalárska práca  |c Edita Somogyiová ; školiteľ: Adriana Pápaiová 
264 1 |a Bratislava  |c 2016 
300 |a 46 s. 
100 1 |a Somogyiová, Edita 
700 1 |a Pápaiová, Adriana 
710 2 |a Fakulta aplikovaných jazykov EU v Bratislave. Katedra interkultúrnej komunikácie